Dalcroze Today: An Education Through and Into Music. (Record no. 1986)

MARC details
000 -LEADER
fixed length control field 00370nam a22001217a 4500
005 - DATE AND TIME OF LATEST TRANSACTION
control field 20200907115758.0
008 - FIXED-LENGTH DATA ELEMENTS--GENERAL INFORMATION
fixed length control field 200907b ||||| |||| 00| 0 eng d
020 ## - INTERNATIONAL STANDARD BOOK NUMBER
International Standard Book Number 0198164009
040 ## - CATALOGING SOURCE
Transcribing agency CML
245 ## - TITLE STATEMENT
Title Dalcroze Today: An Education Through and Into Music.
Statement of responsibility, etc. Bachmann, M.
260 ## - PUBLICATION, DISTRIBUTION, ETC.
Place of publication, distribution, etc. Oxford
Name of publisher, distributor, etc. Clarendon Press
Date of publication, distribution, etc. 1991
942 ## - ADDED ENTRY ELEMENTS (KOHA)
Source of classification or shelving scheme Dewey Decimal Classification
Koha item type Books
Classification part 781.22
Call number suffix BAC
Holdings
Withdrawn status Lost status Source of classification or shelving scheme Damaged status Not for loan Collection code Home library Current library Shelving location Date acquired Total Checkouts Full call number Barcode Date last seen Price effective from Koha item type
    Dewey Decimal Classification     Technology (Applied Sciences) Chalimbana Main Library Chalimbana Main Library The Arts Fine & Decorative Arts 09/07/2020   781.22 BAC 9780198164005 09/07/2020 09/07/2020 Books

Powered by Koha